Filozofia pre právnikov : (filizoficko-právne aspekty) /
Uložené v:
| Hlavní autori: | , |
|---|---|
| Médium: | Kniha |
| Jazyk: | Slovak |
| Vydané: |
Bratislava :
Univerzita Komenského,
2012.
|
| Vydanie: | 2. preprac. a dopl. vyd. |
| Edícia: | Učebnice Právnickej fakulty
|
| Témy: | |
| ISBN: |
9788071603375 (brož.) |
| Fyzický popis: |
357 s. : lit., pozn. ; 24 cm. |
| Tagy: |
Pridať tag
Žiadne tagy, Buďte prvý kto otaguje tento záznam!
|
Titul je dostupný aj v ... 

MARC
| LEADER | 00000nam a2200000 a 4500 | ||
|---|---|---|---|
| 001 | 000415621 | ||
| 005 | 20260423131355.0 | ||
| 008 | 130122s2012 xo f p 000 0 slo d | ||
| FMT | |||
| 020 | |a 9788071603375 (brož.) | ||
| 040 | |a SVKKK |b slo |c SVKKK |e AACR2 | ||
| 041 | 0 | |a slo | |
| 044 | |a xo |c SK | ||
| 072 | 7 | |a 101 |x Filozofia |2 konspekt | |
| 072 | 7 | |a 34 |x Právo |2 konspekt | |
| 080 | |a 101 |2 2001 | ||
| 080 | |a 101.8 |2 2001 | ||
| 080 | |a 340.12 |2 2001 | ||
| 080 | |a (075.8) |2 2001 | ||
| 100 | 1 | |a Chovancová, Jarmila, |d 1953- | |
| 245 | 1 | 0 | |a Filozofia pre právnikov : |b (filizoficko-právne aspekty) / |c Jarmila Chovancová, Tomáš Valent. |
| 250 | |a 2. preprac. a dopl. vyd. | ||
| 260 | |a Bratislava : |b Univerzita Komenského, |c 2012. | ||
| 300 | |a 357 s. : |b lit., pozn. ; |c 24 cm. | ||
| 490 | 0 | |a Učebnice Právnickej fakulty | |
| 500 | |a Slovník | ||
| 504 | |a Bibliografia: s. 351-357; bibl. odkazy | ||
| 650 | 0 | 7 | |a filozofia |2 SVKKKPH |
| 650 | 0 | 7 | |a filozofické myslenie |2 SVKKKPH |
| 650 | 0 | 7 | |a právna filozofia |2 SVKKKPH |
| 650 | 0 | 7 | |a právne myslenie |2 SVKKKPH |
| 655 | 7 | |a učebnice vysokých škôl |2 SVKKKPH | |
| 700 | 1 | |a Valent, Tomáš, |d 1946- |4 aut | |
| 810 | 2 | |a Univerzita Komenského (Bratislava, Slovensko). |b Právnická fakulta |p Učebnice Právnickej fakulty | |
| 910 | |a svkkk | ||
| 919 | |a 978-80-7160-337-5 | ||
| 998 | |a BK | ||
| OWN | |||
| Z30 | 1 | |l SCK01 |l SCK01 |m BOOK |1 SCKHL |2 SK2 |b Sklad Hlavná 10 prízemie |3 IV.216770 |6 1043372 |q 20130129 |5 2720269904 |8 20130129 |g EMPTYKNIHA |f 70 |s Absenčne |g 000083229 |h SCKHL |z 21.50 |t 20260126 |u 0654 |w 000415621 |x 000010 |r D |r 015 | |
| a02 | 0 | |a 9788071603375 (brož.) | |
| 090 | |g SCKHL |k Sklad Hlavná 10 prízemie |a IV.216770 |j 1043372 |i 2720269904 |s Absenčne |r 015 | ||